| 000 | 01401nam a2200217Ia 4500 | ||
|---|---|---|---|
| 003 | Ost | ||
| 005 | 20260507075051.0 | ||
| 008 | 260507s9999||||xx |||||||||||||| ||und|| | ||
| 040 | _cfsecg | ||
| 041 | _aara | ||
| 082 | _a658 | ||
| 100 |
_aالحناوي، محمد صالح _eمؤلف |
||
| 245 | 0 |
_aمقدمة في الأعمال والمال / _c محمد صالح الحناوي |
|
| 260 |
_aالاسكندرية: _bالدار الجامعية, _c2000 |
||
| 300 |
_a411 صفحة؛ _bإيضاحات ؛ _c24 سم |
||
| 520 | _aمقدمة إلى عالم الأعمال، ماهية الأعمال، منظمات الأعمال، المشروعات الصغيرة، بيئة الأعمال، اتجاهات وتحديات الأعمال في الألفية الثالثة، وظائف منظمات الأعمال، اساسيات التسويق، اساسيات الانتاج، أساسيات الموارد البشرية، الاطار العام لادارة الامداد، الشراء والرقابة على المخزون، المال والأعمال، أساسيات التمويل، مصادر التمويل، مصادر التمويل قصيرة الأجل، مصادر التمويل الطويل الأجل | ||
| 653 | _aإدارة الأعمال | ||
| 653 | _aالتمويل | ||
| 700 |
_aالصحن، محمد فريد وآخرون _eمؤلف ثانوي |
||
| 942 | _cكتاب | ||
| 999 |
_c42648 _d42648 |
||